000 00660nam a2200241 i 4500
001 C2-0067561
003 PPAK
005 20190630222119.0
008 970309s1992 ilua|||| ||||| | eng d
020 _a0880114576
040 _aPPAK
_beng
_cPPAK
_erda
082 0 4 _a613.71
_223
090 0 0 _a613.71
_bGAV
_dG
100 1 _aGavin, James,
_eauthor
245 1 4 _aThe exercise habit
264 1 _aIllinois :
_bHuman Kinetics ,
_c1992
300 _axxi, 185 pages :
_billustrations ;
_c23 cm
336 _2rdacontent
_atext
337 _2rdamedia
_aunmediated
338 _2rdacarrier
_avolume
650 1 0 _aExercises - Phychological aspects
942 _ddc
_cB
999 _c7507
_d7507